[Event "Lloyds Bank Masters 16th"]
[Site "London"]
[Date "1992.08.25"]
[Round "4"]
[White "Gallagher, Joseph G"]
[Black "Britton, Richard L"]
[Result "1-0"]
[WhiteElo "2510"]
[BlackElo "2275"]
[PlyCount "69"]
[EventDate "1992.08.22"]
[EventType "swiss"]
[EventRounds "10"]
[EventCountry "ENG"]
[SourceTitle "BritBase"]
[Source "John Saunders"]
[SourceDate "2023.12.16"]
[SourceVersion "1"]
[SourceVersionDate "2023.12.16"]
[SourceQuality "1"]

1. e4 c5 2. Nf3 d6 3. d4 cxd4 4. Nxd4 Nf6 5. Nc3 a6 6. Be2 e5 7. Nb3 Be6 8. f4
exf4 9. Bxf4 Nc6 10. Qd2 Be7 11. O-O-O Ne5 12. Nd4 O-O 13. Qe3 Qc7 14. Nf5 Rfc8
15. Nxe7+ Qxe7 16. Qd4 Rc6 17. Bxe5 dxe5 18. Qxe5 Rac8 19. Bd3 Nd7 20. Qd4 Nc5
21. Kb1 b5 22. Rhe1 h6 23. h3 Qb7 24. Rd2 b4 25. Nd5 a5 26. Re3 Nxd3 27. Rexd3
Rc4 28. Qe5 Bxd5 29. exd5 Qb5 30. Re3 R4c5 31. Qe4 Rc4 32. Qd3 Qb6 33. d6 Rc3
34. d7 Rf8 35. d8=Q 1-0

[Event "Lloyds Bank Masters 16th"]
[Site "London"]
[Date "1992.08.25"]
[Round "4"]
[White "Harley, Andrew D"]
[Black "McDonald, Neil R"]
[Result "1-0"]
[WhiteElo "2280"]
[BlackElo "2410"]
[PlyCount "63"]
[EventDate "1992.08.22"]
[EventType "swiss"]
[EventRounds "10"]
[EventCountry "ENG"]
[SourceTitle "BritBase"]
[Source "John Saunders"]
[SourceDate "2024.02.12"]
[SourceVersion "1"]
[SourceVersionDate "2024.02.12"]
[SourceQuality "1"]

1. e4 d6 2. d4 g6 3. Nc3 Bg7 4. Nf3 Nf6 5. Be2 O-O 6. O-O c6 7. Re1 Qc7 8. Bf4
Nbd7 9. e5 Nh5 10. Bg5 dxe5 11. Bxe7 Re8 12. d5 Nf4 13. d6 Nxe2+ 14. Qxe2 Qa5
15. Ng5 Qb4 16. Nce4 h6 17. c3 Qb5 18. c4 Qb4 19. Nf3 a5 20. Rad1 a4 21. h4 Ra5
22. h5 f5 23. Ng3 e4 24. Nd4 Qb6 25. Ne6 Be5 26. Nxe4 Kf7 27. Nc7 Rxe7 28.
hxg6+ Kf8 29. dxe7+ Kxe7 30. g7 Kf7 31. Qh5+ Kxg7 32. Ne6+ 1-0

[Event "Lloyds Bank Masters 16th"]
[Site "London"]
[Date "1992.08.25"]
[Round "4"]
[White "Hebden, Mark L"]
[Black "Ward, Christopher G"]
[Result "0-1"]
[WhiteElo "2510"]
[BlackElo "2440"]
[PlyCount "134"]
[EventDate "1992.08.22"]
[EventType "swiss"]
[EventRounds "10"]
[EventCountry "ENG"]
[SourceTitle "BritBase"]
[Source "John Saunders"]
[SourceDate "2023.12.16"]
[SourceVersion "1"]
[SourceVersionDate "2023.12.16"]
[SourceQuality "1"]

1. d4 d5 2. c4 e6 3. Nf3 Nf6 4. Bg5 c6 5. Nbd2 h6 6. Bh4 dxc4 7. Bxf6 Qxf6 8.
Nxc4 c5 9. e4 cxd4 10. Bd3 Bb4+ 11. Kf1 O-O 12. a3 b5 13. Nce5 Ba5 14. Bxb5 Bb7
15. Qxd4 Rd8 16. Qe3 Bb6 17. Qe2 a6 18. Ba4 a5 19. Bb5 a4 20. Nc4 Bc7 21. Rc1
Nd7 22. e5 Qf4 23. Qe3 Qxe3 24. Nxe3 Bb6 25. Nc4 Bc7 26. Nd6 Bxd6 27. exd6 Bxf3
28. gxf3 Nf6 29. Rc4 Rab8 30. Bxa4 Rxb2 31. d7 Kf8 32. Kg2 Rd2 33. Rc8 Ke7 34.
Rb1 Nxd7 35. Rc7 Rd4 36. Rb4 Rxb4 37. axb4 Kd6 38. Rb7 g5 39. f4 gxf4 40. Kf3
Nf6 41. Rxf7 Ke5 42. Bc6 Rd3+ 43. Kg2 Rb3 44. b5 Ne4 45. Rf8 h5 46. Bxe4 Kxe4
47. Rf6 e5 48. Rh6 Rxb5 49. Rxh5 Rb1 50. Rh3 Rb8 51. Ra3 Rg8+ 52. Kf1 f3 53.
Ke1 Rb8 54. Ra4+ Kd3 55. Ra3+ Ke4 56. Ra4+ Kf5 57. Kd2 Rb2+ 58. Ke3 Rb3+ 59.
Kd2 e4 60. Ra8 Rb2+ 61. Ke1 Rb1+ 62. Kd2 Rf1 63. Rf8+ Kg4 64. Ke3 Re1+ 65. Kd4
Kh3 66. Rg8 Kxh2 67. Rg4 e3 0-1

[Event "Lloyds Bank Masters 16th"]
[Site "London"]
[Date "1992.08.25"]
[Round "4"]
[White "McNab, Colin Anderson"]
[Black "Basart, Josep Maria"]
[Result "1-0"]
[WhiteElo "2480"]
[BlackElo "2295"]
[PlyCount "61"]
[EventDate "1992.08.22"]
[EventType "swiss"]
[EventRounds "10"]
[EventCountry "ENG"]
[SourceTitle "BritBase"]
[Source "John Saunders"]
[SourceDate "2023.12.16"]
[SourceVersion "1"]
[SourceVersionDate "2023.12.16"]
[SourceQuality "1"]

1. c4 e5 2. Nc3 Nf6 3. Nf3 Nc6 4. d3 Bb4 5. Bd2 d5 6. cxd5 Nxd5 7. g3 O-O 8.
Bg2 Nxc3 9. bxc3 Be7 10. Rb1 Rb8 11. O-O Be6 12. Qa4 Qd7 13. Ng5 Bxg5 14. Bxg5
Bh3 15. Bxh3 Qxh3 16. Be3 a6 17. Rb2 f5 18. f4 Rbe8 19. Rf2 Rb8 20. Bc5 Rfe8
21. fxe5 Rxe5 22. Qc4+ Kh8 23. Bd4 Ree8 24. Qf7 Nxd4 25. cxd4 Qh6 26. Rc2 c6
27. Qxf5 Qd6 28. Qc5 Rbd8 29. Qxd6 Rxd6 30. Rf7 b5 31. Ra7 1-0

[Event "Lloyds Bank Masters 16th"]
[Site "London"]
[Date "1992.08.25"]
[Round "4"]
[White "Mikhalevski, Victor"]
[Black "Hodgson, Julian M"]
[Result "0-1"]
[WhiteElo "2320"]
[BlackElo "2535"]
[PlyCount "72"]
[EventDate "1992.08.22"]
[EventType "swiss"]
[EventRounds "10"]
[EventCountry "ENG"]
[SourceTitle "BritBase"]
[Source "John Saunders"]
[SourceDate "2023.12.16"]
[SourceVersion "1"]
[SourceVersionDate "2023.12.16"]
[SourceQuality "1"]

1. d4 d6 2. Bg5 Nd7 3. Nf3 Ngf6 4. Nbd2 e5 5. c3 h6 6. Bh4 Be7 7. dxe5 dxe5 8.
e4 O-O 9. Bc4 Nh5 10. Bg3 Nxg3 11. hxg3 c6 12. a4 a5 13. Qe2 Qb6 14. Nf1 Qc7
15. g4 Nb6 16. Ne3 Nxc4 17. Qxc4 Be6 18. Qe2 Rfd8 19. Nf5 f6 20. g3 Bf8 21. Kf1
Qf7 22. Kg2 Bc4 23. Qe1 Rd3 24. Qc1 Rad8 25. b4 Bb3 26. Qb2 axb4 27. cxb4 Qc4
28. Rae1 Qxb4 29. g5 hxg5 30. Qe2 g6 31. Nxg5 fxg5 32. Qg4 gxf5 33. Qh5 Bg7 34.
Qh7+ Kf8 35. Qxf5+ Bf7 36. Rh7 Qxe1 0-1

[Event "Lloyds Bank Masters 16th"]
[Site "London"]
[Date "1992.08.25"]
[Round "4"]
[White "Murshed, Niaz"]
[Black "Sadler, Matthew D"]
[Result "1/2-1/2"]
[WhiteElo "2505"]
[BlackElo "2515"]
[PlyCount "54"]
[EventDate "1992.08.22"]
[EventType "swiss"]
[EventRounds "10"]
[EventCountry "ENG"]
[SourceTitle "BritBase"]
[Source "John Saunders"]
[SourceDate "2023.12.16"]
[SourceVersion "1"]
[SourceVersionDate "2023.12.16"]
[SourceQuality "1"]

1. d4 d5 2. c4 dxc4 3. Nf3 a6 4. e3 Nf6 5. Bxc4 e6 6. Qe2 c5 7. dxc5 Bxc5 8.
O-O Qc7 9. e4 Ng4 10. Nc3 Nc6 11. g3 Bd6 12. Bb3 b5 13. h3 Nge5 14. Nxe5 Bxe5
15. Be3 O-O 16. Rfd1 Bb7 17. Rac1 Rad8 18. Nd5 Qb8 19. f4 exd5 20. Bxd5 Ne7 21.
Bxb7 Qxb7 22. fxe5 Qxe4 23. Re1 Rfe8 24. Bb6 Qxe2 25. Rxe2 Rd3 26. Kg2 Ng6 27.
Bc7 h5 1/2-1/2

[Event "Lloyds Bank Masters 16th"]
[Site "London"]
[Date "1992.08.25"]
[Round "4"]
[White "Nijboer, Friso"]
[Black "Gurevich, Ilya"]
[Result "1/2-1/2"]
[WhiteElo "2485"]
[BlackElo "2510"]
[PlyCount "107"]
[EventDate "1992.08.22"]
[EventType "swiss"]
[EventRounds "10"]
[EventCountry "ENG"]
[SourceTitle "BritBase"]
[Source "John Saunders"]
[SourceDate "2023.12.16"]
[SourceVersion "1"]
[SourceVersionDate "2023.12.16"]
[SourceQuality "1"]

1. e4 c5 2. Nf3 d6 3. d4 cxd4 4. Nxd4 Nf6 5. Nc3 a6 6. f4 Nbd7 7. Nf3 e5 8. a4
Be7 9. Bd3 O-O 10. O-O Nc5 11. Kh1 exf4 12. Bxf4 Be6 13. Nd4 Qb6 14. a5 Qb4 15.
Nxe6 fxe6 16. Bd2 Qd4 17. Qe2 Nxd3 18. cxd3 Rac8 19. Ra4 Qe5 20. d4 Qh5 21.
Qxh5 Nxh5 22. Kg1 Nf6 23. Rb4 Rc7 24. d5 e5 25. Be3 Rfc8 26. Ra1 Bd8 27. Bb6
Rc4 28. Rb3 Nxe4 29. Nxe4 Rxe4 30. Bxd8 Rxd8 31. Rxb7 Rd4 32. Rc1 Kh8 33. Rcc7
Rg8 34. Rb6 Rxd5 35. Rxa6 Rd1+ 36. Kf2 Rd2+ 37. Ke3 Rxb2 38. Rxd6 Rxg2 39. a6
h6 40. a7 Ra2 41. Rb6 Kh7 42. Rbb7 Ra4 43. h4 h5 44. Re7 Rc8 45. Rxg7+ Kh6 46.
Rgd7 Kg6 47. Kd3 Kf5 48. Rf7+ Kg4 49. Rg7+ Kxh4 50. Rb1 e4+ 51. Kd2 Ra3 52.
Rh1+ Rh3 53. Rxh3+ Kxh3 54. Rg5 1/2-1/2

[Event "Lloyds Bank Masters 16th"]
[Site "London"]
[Date "1992.08.25"]
[Round "4"]
[White "Norwood, David Robert"]
[Black "Volzhin, Alexander"]
[Result "1-0"]
[WhiteElo "2510"]
[BlackElo "2405"]
[PlyCount "51"]
[EventDate "1992.08.22"]
[EventType "swiss"]
[EventRounds "10"]
[EventCountry "ENG"]
[SourceTitle "BritBase"]
[Source "John Saunders"]
[SourceDate "2023.12.16"]
[SourceVersion "1"]
[SourceVersionDate "2023.12.16"]
[SourceQuality "1"]

1. g3 d5 2. Bg2 c6 3. d3 g6 4. Nf3 Bg7 5. O-O Nf6 6. Nbd2 O-O 7. e4 dxe4 8.
dxe4 Bg4 9. h3 Bxf3 10. Qxf3 Nbd7 11. Qe2 Qc7 12. f4 Nc5 13. e5 Nd5 14. c4 Nb4
15. Ne4 Nxe4 16. Bxe4 f6 17. a3 Na6 18. Be3 fxe5 19. f5 gxf5 20. Bxf5 e4 21.
Qg4 Qe5 22. Rad1 Rad8 23. Rxd8 Rxd8 24. Qh5 Qxg3+ 25. Kh1 h6 26. Bxh6 1-0

[Event "Lloyds Bank Masters 16th"]
[Site "London"]
[Date "1992.08.25"]
[Round "4"]
[White "Rogers, Ian"]
[Black "Thipsay, Praveen Mahadeo"]
[Result "1/2-1/2"]
[WhiteElo "2565"]
[BlackElo "2475"]
[PlyCount "51"]
[EventDate "1992.08.22"]
[EventType "swiss"]
[EventRounds "10"]
[EventCountry "ENG"]
[SourceTitle "BritBase"]
[Source "John Saunders"]
[SourceDate "2023.12.16"]
[SourceVersion "1"]
[SourceVersionDate "2023.12.16"]
[SourceQuality "1"]

1. e4 e5 2. Nf3 Nc6 3. Bb5 a6 4. Ba4 Nf6 5. O-O Be7 6. Bxc6 dxc6 7. Nc3 Nd7 8.
d4 exd4 9. Qxd4 O-O 10. Bf4 Nc5 11. Qxd8 Bxd8 12. Rfe1 Ne6 13. Bg3 Bf6 14. Rad1
Bxc3 15. bxc3 c5 16. Ne5 b6 17. f4 Bb7 18. Rd7 Rac8 19. h4 f6 20. f5 fxe5 21.
Bxe5 Bc6 22. Re7 Rf7 23. Rxf7 Kxf7 24. fxe6+ Kxe6 25. Bf4 Ba4 26. Re2 1/2-1/2

[Event "Lloyds Bank Masters 16th"]
[Site "London"]
[Date "1992.08.25"]
[Round "4"]
[White "Saunders, John C"]
[Black "Parker, Jonathan"]
[Result "0-1"]
[WhiteElo "2160"]
[BlackElo "2370"]
[PlyCount "124"]
[EventDate "1992.08.22"]
[EventType "swiss"]
[EventRounds "10"]
[EventCountry "ENG"]
[SourceTitle "John Saunders"]
[Source "BritBase"]
[SourceDate "2021.01.09"]
[SourceVersion "1"]
[SourceVersionDate "2021.01.09"]
[SourceQuality "1"]

1. e4 e5 2. Nf3 Nc6 3. c3 Nf6 4. d4 Nxe4 5. d5 Ne7 6. Nxe5 Ng6 7. Bd3 Nxe5 8.
Bxe4 d6 9. O-O Be7 10. h3 O-O 11. Nd2 Re8 12. Nf3 Bf8 13. Bc2 Bd7 14. Be3 Nxf3+
15. Qxf3 g6 16. Rfe1 Bg7 17. Qg3 Bf6 18. Qf4 Be5 19. Qh6 Bg7 20. Qf4 Re5 21.
Bd4 Rxd5 22. Be4 Rh5 23. Bxg7 Kxg7 24. Bxb7 Rb8 25. Bf3 Rh4 26. Qd2 Qf6 27. Re4
Rxe4 28. Bxe4 Be6 29. b3 d5 30. Bc2 c5 31. Rd1 Rd8 32. Qe3 d4 33. Qg3 Rd5 34.
cxd4 cxd4 35. Be4 Rd7 36. Qd3 Qe5 37. Bc6 Bf5 38. Qb5 Qxb5 39. Bxb5 Rd6 40. Bd3
Kf6 41. Kf1 Bxd3+ 42. Rxd3 Ke5 43. Ke2 Ke4 44. g3 f5 45. f3+ Kd5 46. Rd1 Rc6
47. h4 h6 48. Kd2 Rc3 49. Ke2 g5 50. hxg5 hxg5 51. Rd3 Rc6 52. Rd2 Re6+ 53. Kf2
Rh6 54. Kg2 Rc6 55. Kf2 Rc3 56. Ke2 Re3+ 57. Kf2 g4 58. fxg4 fxg4 59. Rc2 Rc3
60. Rxc3 dxc3 61. Ke3 c2 62. Kd2 Ke4 {(3.05-2.50)} 0-1

[Event "Lloyds Bank Masters 16th"]
[Site "London"]
[Date "1992.08.25"]
[Round "4"]
[White "Speelman, Jonathan S"]
[Black "Levitt, Jonathan P"]
[Result "1-0"]
[WhiteElo "2590"]
[BlackElo "2455"]
[PlyCount "53"]
[EventDate "1992.08.22"]
[EventType "swiss"]
[EventRounds "10"]
[EventCountry "ENG"]
[SourceTitle "CBM 033"]
[Source "ChessBase"]
[SourceDate "1993.04.01"]
[SourceVersion "1"]
[SourceVersionDate "1993.04.01"]
[SourceQuality "1"]

1. c4 c6 2. e4 d5 3. exd5 cxd5 4. d4 Nf6 5. Nc3 e6 6. Nf3 Bb4 7. Bd3 ({The
bulletin actually gives} 7. Be3 dxc4 8. Bxc4 O-O 9. O-O b6 10. Bg5 {, reaching
the same position, but Jon Speelman has confirmed to me that 7.Bd3 was played
- JS}) 7... dxc4 8. Bxc4 O-O 9. O-O b6 10. Bg5 Bb7 11. Rc1 Nc6 12. Re1 Be7 13.
a3 Rc8 14. Ba2 Nd5 15. Bd2 Nxc3 16. Bxc3 Bf6 17. d5 exd5 18. Bxd5 Bxc3 19. Rxc3
Na5 20. Rxc8 Qxc8 21. Ne5 Bxd5 22. Qxd5 Qb7 23. Qd6 Re8 24. Re3 f6 25. Ng6 Ra8
26. Ne7+ Kh8 27. Qe6 1-0

[Event "Lloyds Bank Masters 16th"]
[Site "London"]
[Date "1992.08.25"]
[Round "4"]
[White "Wilson, Jonathan G"]
[Black "Corkett, Anthony R"]
[Result "1-0"]
[WhiteElo "2220"]
[BlackElo "2340"]
[PlyCount "137"]
[EventDate "1992.08.22"]
[EventType "swiss"]
[EventRounds "10"]
[EventCountry "ENG"]
[SourceTitle "BritBase"]
[Source "John Saunders"]
[SourceDate "2023.12.16"]
[SourceVersion "1"]
[SourceVersionDate "2023.12.16"]
[SourceQuality "1"]

1. d4 Nf6 2. c4 d6 3. Nc3 g6 4. e4 Bg7 5. Nf3 O-O 6. Be2 Nbd7 7. O-O e5 8. Re1
Re8 9. d5 a5 10. Rb1 h6 11. Qc2 Rf8 12. a3 a4 13. Bf1 Nc5 14. Be3 Nfd7 15. g3
Nb6 16. Bxc5 dxc5 17. Nh4 Bd7 18. b4 axb3 19. Qxb3 Ra5 20. d6 Na8 21. dxc7 Nxc7
22. Red1 Ne6 23. Qxb7 Nd4 24. Ra1 Bg4 25. Rd3 Qg5 26. Nd5 Rfa8 27. Ne3 Be6 28.
Bg2 Qd8 29. Qb1 Ra4 30. Nf3 Bxc4 31. Nxc4 Rxc4 32. Nxd4 Rxd4 33. Rc3 Bf8 34.
Bf1 Rd2 35. Rc2 Rd4 36. Rc3 Qa5 37. Qc2 Rad8 38. Bc4 Rd2 39. Qb3 Qc7 40. Rf3
R8d7 41. a4 Kg7 42. a5 f6 43. a6 Qa7 44. Rb1 Be7 45. Rd3 R2xd3 46. Bxd3 c4 47.
Bxc4 Bc5 48. Qa2 h5 49. Bd5 Kh6 50. Rb7 Rxb7 51. axb7 Qxa2 52. Bxa2 Bd6 53. h4
Kg7 54. Kf1 f5 55. exf5 gxf5 56. Ke2 Kf6 57. Kd3 Bb8 58. Bb3 e4+ 59. Kd2 f4 60.
gxf4 Bxf4+ 61. Kc3 Be5+ 62. Kc4 Ke6 63. Ba4 Kf5 64. Bd1 Kf4 65. Kd5 Bb8 66.
Bxh5 e3 67. fxe3+ Kg3 68. Bd1 Kxh4 69. Kc6 1-0

[Event "Lloyds Bank Masters 16th"]
[Site "London"]
[Date "1992.08.25"]
[Round "4"]
[White "Njotea, Christopher N"]
[Black "Thurlow, Kevin J"]
[Result "0-1"]
[WhiteElo "1960"]
[BlackElo "2095"]
[PlyCount "68"]
[EventDate "1992.08.22"]
[EventType "swiss"]
[EventRounds "10"]
[EventCountry "ENG"]
[SourceTitle "Thurlow, Kevin"]

1. e4 c5 2. Nf3 e6 3. d3 Nc6 4. Nbd2 d5 5. g3 Nf6 6. Bg2 Be7 7. O-O O-O 8. Re1
Qc7 9. Nf1 dxe4 10. dxe4 Rd8 11. Qe2 e5 12. c3 h6 13. Nh4 Be6 14. Nf5 a6 15. g4
Nh7 16. Nxe7+ Qxe7 17. Ng3 b5 18. Nf5 Qf6 19. a4 b4 20. Be3 c4 21. cxb4 Nxb4
22. Bc5 Bxf5 23. exf5 Nd3 24. Bxa8 Rxa8 25. Qe4 Rc8 26. Qb7 Rxc5 27. Re3 Qd6
28. b4 Rd5 29. b5 Nb4 30. Qc8+ Nf8 31. Qxc4 Rd4 32. Qe2 Rd2 33. Qf3 Nc2 34.
bxa6 Qxa6 0-1

[Event "Lloyds Bank Masters 16th"]
[Site "London"]
[Date "1992.08.25"]
[Round "4"]
[White "Forbes, Cathy"]
[Black "Chandler, Murray G"]
[Result "0-1"]
[WhiteElo "2125"]
[BlackElo "2575"]
[PlyCount "72"]
[EventDate "1992.08.22"]
[EventType "swiss"]
[EventRounds "10"]
[EventCountry "ENG"]
[SourceTitle "ChessBase 2017"]
[Source "ChessBase"]
[SourceDate "1990.06.01"]
[SourceVersion "1"]
[SourceVersionDate "1990.06.01"]
[SourceQuality "1"]

1. d4 Nf6 2. Nf3 e6 3. Bf4 c5 4. e3 Qb6 5. Nc3 a6 6. a3 Nc6 7. Be2 Nh5 8. dxc5
Bxc5 9. Bg5 h6 10. Bh4 g5 11. Nd2 gxh4 12. Bxh5 Be7 13. Nc4 Qc5 14. Qg4 b5 15.
Nd2 Qg5 16. Qxg5 hxg5 17. g4 Bb7 18. Rf1 Rc8 19. f4 gxf4 20. exf4 b4 21. axb4
Nxb4 22. Rc1 Bg2 23. Rf2 h3 24. Nde4 Bxe4 25. Nxe4 Nd3+ 26. cxd3 Rxc1+ 27. Kd2
Rg1 28. f5 exf5 29. Rxf5 Rg2+ 30. Rf2 Rxh5 31. gxh5 d5 32. Ke3 dxe4 33. h6 Bg5+
34. Ke2 exd3+ 35. Kf3 Rxf2+ 36. Kxf2 Bh4+ 0-1

[Event "Lloyds Bank Masters 16th"]
[Site "London"]
[Date "1992.08.25"]
[Round "4"]
[White "Van Wely, Loek"]
[Black "Berry, Stephen H"]
[Result "1/2-1/2"]
[WhiteElo "2525"]
[BlackElo "2320"]
[PlyCount "67"]
[EventDate "1992.08.22"]
[EventType "swiss"]
[EventRounds "10"]
[EventCountry "ENG"]
[SourceTitle "BritBase"]
[Source "John Saunders"]
[SourceDate "2023.12.16"]
[SourceVersion "1"]
[SourceVersionDate "2023.12.16"]
[SourceQuality "1"]

1. d4 Nf6 2. c4 e6 3. Nf3 b6 4. g3 Bb7 5. Bg2 Be7 6. O-O d5 7. Qa4+ Qd7 8. Qc2
O-O 9. Ne5 Qc8 10. cxd5 exd5 11. Nd2 Rd8 12. Ndf3 Ne4 13. b3 c5 14. Bb2 Na6 15.
Rac1 Qe6 16. dxc5 bxc5 17. Rfd1 Rac8 18. a3 Bd6 19. e3 h6 20. Ba1 Nc7 21. Qb2
Ne8 22. Nd3 Rb8 23. b4 Ba6 24. Nf4 Bxf4 25. gxf4 d4 26. exd4 cxb4 27. axb4 Bb7
28. d5 Rxd5 29. Rxd5 Bxd5 30. Qd4 N8f6 31. h3 Qb6 32. Qxb6 Rxb6 33. Bd4 Rxb4
34. Bxa7 1/2-1/2

[Event "Lloyds Bank Masters 16th"]
[Site "London"]
[Date "1992.08.26"]
[Round "5"]
[White "Barua, Dibyendu"]
[Black "Gluckman, David"]
[Result "1-0"]
[WhiteElo "2550"]
[BlackElo "2330"]
[PlyCount "47"]
[EventDate "1992.08.22"]
[EventType "swiss"]
[EventRounds "10"]
[EventCountry "ENG"]
[SourceTitle "BritBase"]
[Source "John Saunders"]
[SourceDate "2023.12.16"]
[SourceVersion "1"]
[SourceVersionDate "2023.12.16"]
[SourceQuality "1"]

1. e4 Nf6 2. e5 Nd5 3. d4 d6 4. c4 Nb6 5. Nf3 g6 6. Be2 Bg7 7. exd6 cxd6 8. O-O
O-O 9. Nc3 Nc6 10. Be3 d5 11. c5 Nc4 12. Bxc4 dxc4 13. d5 Nb4 14. Bd4 Bxd4 15.
Qxd4 Nc2 16. Qxc4 Nxa1 17. Rxa1 a5 18. Re1 e6 19. Qd4 f6 20. dxe6 Qxd4 21. Nxd4
b6 22. e7 Re8 23. Nd5 Kf7 24. Nb5 1-0

[Event "Lloyds Bank Masters 16th"]
[Site "London"]
[Date "1992.08.26"]
[Round "5"]
[White "Byway, Paul V"]
[Black "Saunders, John C"]
[Result "1/2-1/2"]
[WhiteElo "2305"]
[BlackElo "2160"]
[PlyCount "101"]
[EventDate "1992.08.22"]
[EventType "swiss"]
[EventRounds "10"]
[EventCountry "ENG"]
[SourceTitle "John Saunders"]
[Source "BritBase"]
[SourceDate "2021.01.09"]
[SourceVersion "1"]
[SourceVersionDate "2021.01.09"]
[SourceQuality "1"]

1. c4 e5 2. g3 Nf6 3. Bg2 c6 4. d4 d6 5. dxe5 dxe5 6. Qxd8+ Kxd8 7. Nf3 Nfd7 8.
O-O f6 9. Nc3 Kc7 10. Be3 Na6 11. Rac1 Bc5 12. Bd2 Nb6 13. Ne4 Be7 14. Be3 Be6
15. Nfd2 Rad8 16. a3 f5 17. Ng5 Bg8 18. b4 h6 19. Ngf3 Bf6 20. Bxb6+ axb6 21.
e4 Bh7 22. Rfe1 Rd3 23. Ra1 Rhd8 24. Ra2 g5 25. Bf1 fxe4 26. Bxd3 Rxd3 27. Nxe4
Bxe4 28. Nxe5 Rd4 29. Ng4 Bg7 30. Rae2 Bf3 31. Re7+ Rd7 32. Rxd7+ Kxd7 33. Ne5+
Bxe5 34. Rxe5 Bg4 35. f4 gxf4 36. gxf4 Nc7 37. Kf2 Ne8 38. Kg3 Be6 39. c5 bxc5
40. Rxc5 Nf6 41. Re5 Kd6 42. Ra5 Bd5 43. Ra8 Ke6 44. Rh8 h5 45. a4 Bb3 46. a5
Bc4 47. Kf3 Kf5 48. Rb8 Ba6 49. Rf8 Kg6 50. Rd8 Kf5 51. Rf8 {(2.32-2.40)}
1/2-1/2

[Event "Lloyds Bank Masters 16th"]
[Site "London"]
[Date "1992.08.26"]
[Round "5"]
[White "Corkett, Anthony R"]
[Black "Adelman, Charles D"]
[Result "1/2-1/2"]
[WhiteElo "2340"]
[BlackElo "2220"]
[PlyCount "133"]
[EventDate "1992.08.22"]
[EventType "swiss"]
[EventRounds "10"]
[EventCountry "ENG"]
[SourceTitle "BritBase"]
[Source "John Saunders"]
[SourceDate "2023.12.16"]
[SourceVersion "1"]
[SourceVersionDate "2023.12.16"]
[SourceQuality "1"]

1. c4 Nf6 2. Nf3 e6 3. g3 d5 4. Bg2 Be7 5. O-O O-O 6. d4 c6 7. Nc3 b6 8. b3 Bb7
9. Qc2 Nbd7 10. Bb2 Rc8 11. e4 dxe4 12. Nxe4 c5 13. Nxf6+ Bxf6 14. Ng5 Bxg5 15.
Bxb7 Rc7 16. Bg2 cxd4 17. Bxd4 Bf6 18. Rad1 Qe7 19. Bxf6 Nxf6 20. Rd3 b5 21.
Rc3 Rfc8 22. Rd1 bxc4 23. Rxc4 Rxc4 24. bxc4 h6 25. Qb3 Qc5 26. Rc1 Ng4 27. Rc2
Rd8 28. Bf1 Rd1 29. h3 Ne5 30. Rc3 Re1 31. Re3 Rxe3 32. Qxe3 Qxe3 33. fxe3 Kf8
34. Kf2 Ke7 35. Ke1 Kd6 36. Kd2 Kc5 37. Kc3 f6 38. g4 g5 39. Be2 Nf7 40. Bd3
Nd6 41. Kb3 f5 42. Kc3 fxg4 43. hxg4 Ne8 44. Be2 Nf6 45. Kd3 e5 46. a3 e4+ 47.
Kc3 Nd7 48. Kb3 Ne5 49. Kc3 Nd7 50. Kb3 Nb6 51. Kc3 a6 52. Kb3 a5 53. a4 Na8
54. Bd1 Nb6 55. Be2 Nd7 56. Kc3 Nf6 57. Kb3 Ng8 58. Kc3 Nf6 59. Kb3 Nd7 60. Kc3
Ne5 61. Kb3 Nf3 62. Kc3 Nh4 63. Bf1 Ng6 64. Be2 Ne5 65. Kb3 Nc6 66. Kc3 Kd6 67.
Bd1 1/2-1/2

[Event "Lloyds Bank Masters 16th"]
[Site "London"]
[Date "1992.08.26"]
[Round "5"]
[White "Crouch, Colin S"]
[Black "Rogers, Ian"]
[Result "1-0"]
[WhiteElo "2425"]
[BlackElo "2565"]
[PlyCount "87"]
[EventDate "1992.08.22"]
[EventType "swiss"]
[EventRounds "10"]
[EventCountry "ENG"]
[SourceTitle "BritBase"]
[Source "John Saunders"]
[SourceDate "2023.12.16"]
[SourceVersion "1"]
[SourceVersionDate "2023.12.16"]
[SourceQuality "1"]

1. d4 c6 2. c4 b5 3. cxb5 cxb5 4. e4 Bb7 5. Nd2 Nf6 6. Bd3 e6 7. Ngf3 a6 8. O-O
Be7 9. a4 b4 10. Qe2 d6 11. e5 dxe5 12. dxe5 Nfd7 13. Ne4 Bd5 14. Rd1 Nc6 15.
Bf4 h6 16. Rac1 Qa5 17. Bc4 Nb6 18. Nd6+ Bxd6 19. Bxd5 Nxd5 20. exd6 Nxf4 21.
d7+ Ke7 22. Qe4 Nd5 23. Rxc6 Qxa4 24. Rdc1 Rhd8 25. Ne5 Ra7 26. Nxf7 Kxf7 27.
Qxe6+ Kf8 28. Qf5+ Nf6 29. Qc5+ Kg8 30. Qxa7 Rxd7 31. Qb8+ Kh7 32. h3 a5 33.
Qe5 Rd5 34. Qe2 b3 35. Qf3 Qb5 36. Qe3 a4 37. Rxf6 gxf6 38. Qe4+ f5 39. Qe7+
Kg6 40. Qe6+ Kg5 41. f4+ Kxf4 42. Qxh6+ Ke4 43. Re1+ Kd3 44. Qe3+ 1-0

[Event "Lloyds Bank Masters 16th"]
[Site "London"]
[Date "1992.08.26"]
[Round "5"]
[White "Georghiou, Paul I"]
[Black "Bronstein, David I"]
[Result "1-0"]
[WhiteElo "2220"]
[BlackElo "2415"]
[PlyCount "75"]
[EventDate "1992.08.22"]
[EventType "swiss"]
[EventRounds "10"]
[EventCountry "ENG"]
[SourceTitle "BritBase"]
[Source "John Saunders"]
[SourceDate "2023.12.16"]
[SourceVersion "1"]
[SourceVersionDate "2023.12.16"]
[SourceQuality "1"]

1. e4 e6 2. d4 d5 3. Nc3 Nf6 4. e5 Nfd7 5. f4 c5 6. Nf3 Nc6 7. Be3 Qb6 8. Qd2
a6 9. O-O-O Qa5 10. Kb1 b5 11. dxc5 Nxc5 12. Nd4 Bd7 13. Bd3 Nxd4 14. Bxd4 b4
15. Ne2 Nxd3 16. cxd3 Be7 17. Nc1 Ba4 18. b3 Bd7 19. g4 Qb5 20. Rdf1 a5 21. f5
h5 22. f6 gxf6 23. exf6 Bd6 24. g5 O-O-O 25. Re1 Qa6 26. Be5 d4 27. Qf4 Bc5 28.
Re2 Bc6 29. Rg1 Rd5 30. g6 fxg6 31. Rxg6 Kb7 32. f7 Rf8 33. Rxe6 Qb5 34. Bg7
Bd7 35. Bxf8 Bxf8 36. Re8 Bd6 37. Qxd6 Rxd6 38. f8=Q 1-0